000
00302nam a22001337a 4500
008
180903b xxu||||| |||| 00| 0 eng d
020
_a
9780673398598
041
_a
eng
080
_2
4th
_a
371
100
_a
25
101
_a
EDU
245
_a
The Little, Brown Handbook
_c
Fowler, H.R
942
_2
udc
_c
BK
999
_c
47486
_d
47486